States that Beat New Hampshire - Statistics

General Stats
  • This quiz has been taken 490 times
  • The average score is 11 of 15
Answer Stats
Rank Category Answer % Correct
5 Smallest area New Jersey | Connecticut | Delaware | Rhode Island
100%
10 Least populous state capital Missouri | Maryland | Delaware | Montana | Alaska | Kentucky | Maine | South Dakota | Vermont
96%
8 Least thunderstorms Alaska | Washington | Oregon | California | Idaho | Nevada | Hawaii
89%
4 Highest median household income Maryland | New Jersey | Massachusetts
89%
6 (t) Most ski resorts New York | Michigan | Wisconsin | Colorado | California
83%
3 Average annual snowfall Vermont | Maine
83%
4 (t) Longest name Massachusetts | South Carolina | North Carolina
80%
3 Highest elevation east of the Mississippi River North Carolina | Tennessee
75%
3 Shortest international border Idaho | Pennsylvania
72%
5 Closest % margin in 2024 presidential election Georgia | Pennsylvania | Michigan | Wisconsin
67%
2 Territory covered in forest Maine
67%
2 Lowest weekly church attendance Vermont
67%
6 Most % voters registered "unaffiliated" Connecticut | Rhode Island | Colorado | Alaska | Massachusetts
62%
3 Lowest homicide rate Iowa | Rhode Island
57%
2 Most populous city named Portsmouth Virginia
42%
No matching quizzes found
Score Distribution
Percent of People with Each Score
Percentile by Number Answered
Your Score History
You have not taken this quiz